[Event "18. Torneo Ciudad de Albacete 2010"]
[Site "Albacete ESP"]
[Date "2010.09.15"]
[Round "3.15"]
[White "Atienza, Hilario"]
[Black "Villasenor Rubio, Emilio Jose"]
[Result "0-1"]
[WhiteElo "1861"]
[BlackElo "2101"]
[PlyCount "48"]
[EventDate "2010.09.14"]
[EventType "swiss"]
[EventRounds "9"]
[EventCountry "ESP"]
[Source "lmi"]
[SourceDate "2010.09.14"]

1. e4 c5 2. Nf3 d6 3. d4 cxd4 4. Nxd4 Nf6 5. Nc3 a6 6. Bg5 e6 7. f4 Be7 8. Qf3
Qc7 9. O-O-O Nbd7 10. g4 O-O 11. h4 b5 12. Bxf6 Nxf6 13. Bd3 b4 14. Nce2 Bb7
15. g5 Nd7 16. g6 Nc5 17. gxh7+ Kh8 18. Nb3 f5 19. Nxc5 dxc5 20. c4 bxc3 21.
Nxc3 Bf6 22. Rhf1 Bxc3 23. bxc3 Qa5 24. Kb2 Rab8 0-1

[Event "18. Torneo Ciudad de Albacete 2010"]
[Site "Albacete ESP"]
[Date "2010.09.15"]
[Round "3.16"]
[White "Navarro Lopez-Menchero, Daniel"]
[Black "Bernabe Monteagudo, Francesc"]
[Result "1-0"]
[WhiteElo "2100"]
[BlackElo "1851"]
[PlyCount "33"]
[EventDate "2010.09.14"]
[EventType "swiss"]
[EventRounds "9"]
[EventCountry "ESP"]
[Source "lmi"]
[SourceDate "2010.09.14"]

1. e4 e6 2. d4 d5 3. e5 c5 4. Qg4 Bd7 5. Nf3 Nc6 6. Bd3 cxd4 7. O-O Qc7 8. Re1
Nge7 9. Nbd2 Ng6 10. Qg3 Ncxe5 11. Nxd4 Nxd3 12. cxd3 Be7 13. N2f3 Rc8 14. h4
h5 15. Bg5 Qd8 16. Rac1 Bxg5 17. Nxg5 1-0

[Event "18. Torneo Ciudad de Albacete 2010"]
[Site "Albacete ESP"]
[Date "2010.09.15"]
[Round "3.17"]
[White "Sanchez Argandona, Santiago"]
[Black "Olivera Gutierrez, Albert"]
[Result "1/2-1/2"]
[WhiteElo "1673"]
[BlackElo "2073"]
[PlyCount "77"]
[EventDate "2010.09.14"]
[EventType "swiss"]
[EventRounds "9"]
[EventCountry "ESP"]
[Source "lmi"]
[SourceDate "2010.09.14"]

1. d4 d5 2. c4 c6 3. Nc3 Nf6 4. Nf3 e6 5. Bg5 Nbd7 6. e3 Qa5 7. Nd2 Bb4 8. Qc2
dxc4 9. Bxf6 Nxf6 10. Nxc4 Qg5 11. a3 Be7 12. Ne5 O-O 13. g3 c5 14. Nf3 Qh5 15.
Bg2 cxd4 16. Nxd4 e5 17. Nde2 Bf5 18. Qa4 Nd7 19. Nd5 Bd6 20. e4 Nc5 21. Qc2
Bd7 22. Nec3 Rac8 23. Qd1 Bg4 24. f3 Bh3 25. O-O Rfd8 26. b4 Ne6 27. Ne2 Bxg2
28. Kxg2 Ng5 29. h4 Ne6 30. Qb3 Qh6 31. Qe3 Rc2 32. Rfe1 Qg6 33. Kh3 Rdc8 34.
Rac1 f5 35. Rxc2 Rxc2 36. Qd3 Rxe2 37. Rxe2 Nd4 38. exf5 Qf7 39. Ne3 1/2-1/2

[Event "18. Torneo Ciudad de Albacete 2010"]
[Site "Albacete ESP"]
[Date "2010.09.15"]
[Round "3.19"]
[White "Escudero Garcia, Javier"]
[Black "Belinchon Calleja, David"]
[Result "0-1"]
[WhiteElo "1676"]
[BlackElo "1971"]
[PlyCount "58"]
[EventDate "2010.09.14"]
[EventType "swiss"]
[EventRounds "9"]
[EventCountry "ESP"]
[Source "lmi"]
[SourceDate "2010.09.14"]

1. d4 Nf6 2. c4 e6 3. Nc3 b6 4. Bg5 Be7 5. e3 Bb7 6. Be2 O-O 7. Nf3 d6 8. O-O
Nbd7 9. Qc2 h6 10. Bh4 Nh7 11. Bxe7 Qxe7 12. e4 Ng5 13. Nd2 Qf6 14. d5 e5 15.
Bg4 Rfd8 16. Nb5 a6 17. Nxc7 Rac8 18. Nxa6 Bxa6 19. b4 Bxc4 20. Bxd7 Rxd7 21.
Qa4 b5 22. Qa6 Rdc7 23. Rfc1 Nh3+ 24. gxh3 Qg5+ 25. Kh1 Qxd2 26. Qxd6 Qf4 27.
Rd1 Be2 28. Re1 Bf3+ 29. Kg1 Qg5+ 0-1

[Event "18. Torneo Ciudad de Albacete 2010"]
[Site "Albacete ESP"]
[Date "2010.09.15"]
[Round "3.20"]
[White "Gonzalez Lopez, Julian"]
[Black "Tomas Romero, Francisco"]
[Result "1-0"]
[WhiteElo "1969"]
[BlackElo "1627"]
[PlyCount "57"]
[EventDate "2010.09.14"]
[EventType "swiss"]
[EventRounds "9"]
[EventCountry "ESP"]
[Source "lmi"]
[SourceDate "2010.09.14"]

1. d4 Nf6 2. c4 g6 3. Nc3 Bg7 4. Nf3 O-O 5. Bg5 d6 6. e3 Nbd7 7. Be2 e5 8. O-O
h6 9. Bh4 Re8 10. Rc1 a6 11. b4 b6 12. Qc2 Bb7 13. d5 c5 14. dxc6 Bxc6 15. Rfd1
Qc7 16. Qd2 e4 17. Nd4 Bb7 18. Nd5 Nxd5 19. cxd5 Qb8 20. Nc6 Bxc6 21. dxc6 Ne5
22. c7 Qc8 23. Qxd6 Qe6 24. Qxe6 fxe6 25. Rd8 Raxd8 26. cxd8=Q Rxd8 27. Bxd8 b5
28. Bb6 Kf7 29. Bd4 1-0

[Event "18. Torneo Ciudad de Albacete 2010"]
[Site "Albacete ESP"]
[Date "2010.09.16"]
[Round "4.1"]
[White "Pogorelov, Ruslan"]
[Black "Abreu Delgado, Aryam"]
[Result "1/2-1/2"]
[WhiteElo "2447"]
[BlackElo "2473"]
[PlyCount "130"]
[EventDate "2010.09.14"]
[EventType "swiss"]
[EventRounds "9"]
[EventCountry "ESP"]
[Source "lmi"]
[SourceDate "2010.09.14"]

1. Nf3 c5 2. c4 Nc6 3. d4 cxd4 4. Nxd4 Nf6 5. Nc3 e6 6. a3 Be7 7. e4 O-O 8. Nf3
Qc7 9. Be2 b6 10. O-O Bb7 11. Re1 Rad8 12. Bf1 d6 13. b4 Nd7 14. Be3 Qb8 15.
Qb3 Bf6 16. Rad1 Nde5 17. Nd4 Ng4 18. Nxc6 Bxc6 19. Bf4 Be5 20. Bg3 Nf6 21. f3
Bxg3 22. hxg3 Rd7 23. g4 h6 24. Ne2 Rfd8 25. Nd4 Ba8 26. Qe3 Nh7 27. Rd2 a6 28.
Red1 Qc7 29. a4 Nf8 30. Nb3 a5 31. bxa5 bxa5 32. Nd4 Qc5 33. Qf2 Qb4 34. Nb5
Bc6 35. Rb2 Qc5 36. Rbd2 Qb4 37. Rb2 Qc5 38. Rbd2 e5 39. Rb2 Ne6 40. Rdd2 Kf8
41. Be2 Ke7 42. Kf1 Qxf2+ 43. Kxf2 Nc5 44. Ra2 Rh8 45. Nc3 Rb8 46. Nb5 Rdd8 47.
Rd1 Rd7 48. Ke3 f6 49. Ra3 Rdd8 50. Ra2 Be8 51. Rad2 Rb6 52. Ra2 Bf7 53. Ra3
Rd7 54. Rda1 Rdb7 55. Rd1 Rc6 56. Ra2 Na6 57. Rad2 Rd7 58. Rc1 Nc5 59. Ra2 Be6
60. Ra3 Rb7 61. Rd1 Nd7 62. Rad3 Bxc4 63. Nxd6 Bxd3 64. Nxb7 Bxe2 65. Kxe2 Rc2+
1/2-1/2

[Event "18. Torneo Ciudad de Albacete 2010"]
[Site "Albacete ESP"]
[Date "2010.09.16"]
[Round "4.2"]
[White "Gongora Reyes, Maikel"]
[Black "Almeida Quintana, Omar"]
[Result "1/2-1/2"]
[WhiteElo "2468"]
[BlackElo "2559"]
[PlyCount "88"]
[EventDate "2010.09.14"]
[EventType "swiss"]
[EventRounds "9"]
[EventCountry "ESP"]
[Source "lmi"]
[SourceDate "2010.09.14"]

1. d4 Nf6 2. c4 c5 3. d5 e6 4. Nc3 exd5 5. cxd5 d6 6. Nf3 g6 7. Nd2 a6 8. a4
Nbd7 9. e4 Bg7 10. Be2 O-O 11. O-O Re8 12. Qc2 Qc7 13. Nc4 Nb6 14. Ne3 Bd7 15.
f4 Rab8 16. g4 h6 17. h4 Nc8 18. g5 Nh7 19. Bf3 b5 20. axb5 axb5 21. Qg2 b4 22.
Ne2 Ne7 23. Kh1 Kh8 24. Rd1 c4 25. gxh6 Bxh6 26. Rd4 Bb5 27. Bd2 c3 28. bxc3
Bxe2 29. Qxe2 b3 30. e5 dxe5 31. d6 Qd7 32. fxe5 b2 33. Rb1 Bxe3 34. Bxe3 Nf5
35. Bf2 Nxd4 36. Bxd4 Qh3+ 37. Kg1 Kg8 38. Bg4 Qg3+ 39. Qg2 Qf4 40. d7 Red8 41.
e6 Nf6 42. e7 Nxg4 43. exd8=Q+ Rxd8 44. Qxb2 Kh7 1/2-1/2

[Event "18. Torneo Ciudad de Albacete 2010"]
[Site "Albacete ESP"]
[Date "2010.09.16"]
[Round "4.3"]
[White "Mirzoev, Azer"]
[Black "Pardo Simon, David"]
[Result "1-0"]
[WhiteElo "2525"]
[BlackElo "2336"]
[PlyCount "127"]
[EventDate "2010.09.14"]
[EventType "swiss"]
[EventRounds "9"]
[EventCountry "ESP"]
[Source "lmi"]
[SourceDate "2010.09.14"]

1. d4 Nf6 2. c4 e6 3. Nc3 Bb4 4. Qc2 O-O 5. Bg5 d6 6. e3 h6 7. Bh4 b6 8. Nge2
Bb7 9. a3 Bxc3+ 10. Nxc3 Nbd7 11. f3 Qe7 12. Be2 c5 13. dxc5 dxc5 14. O-O-O
Rfd8 15. Bg3 Nf8 16. Nb5 Ne8 17. Rxd8 Qxd8 18. Rd1 Qg5 19. Qc3 Bc6 20. Bf1 Ng6
21. Qe1 Qe7 22. Kb1 Rc8 23. e4 Bxb5 24. cxb5 e5 25. Qd2 Nf6 26. Bc4 Kf8 27. a4
Qc7 28. Be1 Ke7 29. g4 Ne8 30. Bg3 Nd6 31. Ba2 Rd8 32. h4 Nb7 33. Bd5 Kf8 34.
Qc1 Rd7 35. Rg1 Nd8 36. h5 Nf4 37. Bxf4 exf4 38. g5 Qe5 39. gxh6 gxh6 40. Rg4
Ne6 41. Qg1 Ng7 42. Ka2 Rd6 43. Qg2 Qd4 44. Qc2 Nxh5 45. Bb3 Qe5 46. Rh4 Ng3
47. Qc4 Rf6 48. Rxh6 Kg7 49. Rh4 Qd4 50. Rg4+ Kf8 51. Qxd4 cxd4 52. Bc4 Nh5 53.
Kb3 Ng7 54. Kc2 Ne6 55. Kd3 Nc5+ 56. Kxd4 Nxa4 57. b4 Nb2 58. Ba2 Nd1 59. e5
Rf5 60. Ke4 Rh5 61. Rxf4 Rh3 62. e6 f6 63. Rxf6+ Ke7 64. Ke5 1-0

[Event "18. Torneo Ciudad de Albacete 2010"]
[Site "Albacete ESP"]
[Date "2010.09.16"]
[Round "4.4"]
[White "Gonzalez Perez, Arian"]
[Black "Marholev, Dimitar"]
[Result "1/2-1/2"]
[WhiteElo "2410"]
[BlackElo "2407"]
[PlyCount "113"]
[EventDate "2010.09.14"]
[EventType "swiss"]
[EventRounds "9"]
[EventCountry "ESP"]
[Source "lmi"]
[SourceDate "2010.09.14"]

1. e4 e5 2. Nf3 Nc6 3. Bc4 Nf6 4. d3 h6 5. c3 d6 6. Bb3 g6 7. O-O Bg7 8. Nbd2
O-O 9. Re1 Na5 10. Bc2 c5 11. Nf1 Nc6 12. Ne3 Ng4 13. Bb3 Kh7 14. Nxg4 Bxg4 15.
h3 Bd7 16. Nh2 Qh4 17. Rf1 f5 18. exf5 Bxf5 19. Ng4 Rae8 20. Bd5 Bxg4 21. Qxg4
Qxg4 22. hxg4 Rb8 23. Rb1 Ne7 24. Bf3 b6 25. Bd2 Bf6 26. Rfd1 d5 27. b4 Rbc8
28. a4 c4 29. dxc4 Rxc4 30. a5 e4 31. Be2 Rc7 32. Rb3 Bg5 33. Be1 Rfc8 34. f3
Be3+ 35. Kh2 Bf4+ 36. Kh3 exf3 37. gxf3 Be5 38. Ba6 Rf8 39. Kg2 g5 40. axb6
axb6 41. Ra3 Kg7 42. Bd3 Rf6 43. Bb1 Rfc6 44. Ra6 Re6 45. Bf2 Bxc3 46. Rxb6
Rxb6 47. Bxb6 Rb7 48. Bd4+ Bxd4 49. Rxd4 Kf6 50. f4 gxf4 51. Rxf4+ Ke5 52. Rf7
Ke6 53. Rh7 Rxb4 54. Rxh6+ Ke5 55. Rh5+ Kf4 56. Bf5 Rb2+ 57. Kf1 1/2-1/2

[Event "18. Torneo Ciudad de Albacete 2010"]
[Site "Albacete ESP"]
[Date "2010.09.16"]
[Round "4.5"]
[White "Kovacevic, Slobodan"]
[Black "La Rota, Fabio"]
[Result "0-1"]
[WhiteElo "2386"]
[BlackElo "2234"]
[PlyCount "110"]
[EventDate "2010.09.14"]
[EventType "swiss"]
[EventRounds "9"]
[EventCountry "ESP"]
[Source "lmi"]
[SourceDate "2010.09.14"]

1. d4 c6 2. Nf3 d5 3. Bf4 Qb6 4. Qc1 Nf6 5. e3 Nh5 6. Bg3 Nxg3 7. hxg3 Bf5 8.
Nh4 Bd7 9. Bd3 c5 10. c3 Bb5 11. Bxb5+ Qxb5 12. Qc2 Nc6 13. f4 Rc8 14. Nf3 e6
15. Nbd2 g6 16. Qb1 Be7 17. Nb3 b6 18. Nc1 Bf6 19. Nd3 h5 20. Kf2 Kf8 21. a4
Qc4 22. dxc5 Kg7 23. cxb6 axb6 24. Ra3 Ra8 25. Nd2 Qa6 26. b4 Qa7 27. Nf3 Qe7
28. Qc1 Rhc8 29. Qd2 Na5 30. Nde5 Bxe5 31. Nxe5 f6 32. Qd4 fxe5 33. Qxe5+ Kf7
34. Rxh5 gxh5 35. Qxh5+ Kg7 36. Ra1 Qf6 37. bxa5 bxa5 38. Qg4+ Qg6 39. Qh4 Qf6
40. Qg4+ Kf7 41. Rb1 Rab8 42. Rxb8 Rxb8 43. Qh5+ Qg6 44. Qe5 Rb2+ 45. Kf3 Qe4+
46. Qxe4 dxe4+ 47. Kxe4 Rxg2 48. c4 Rxg3 49. Kd4 Ke7 50. c5 Kd7 51. e4 Ra3 52.
Ke5 Rxa4 53. f5 Rc4 54. fxe6+ Ke7 55. Kd5 Rc1 0-1

[Event "18. Torneo Ciudad de Albacete 2010"]
[Site "Albacete ESP"]
[Date "2010.09.16"]
[Round "4.6"]
[White "Jimenez Martinez, Jose Vicente"]
[Black "Navarro Lopez-Menchero, Daniel"]
[Result "1-0"]
[WhiteElo "2273"]
[BlackElo "2100"]
[PlyCount "123"]
[EventDate "2010.09.14"]
[EventType "swiss"]
[EventRounds "9"]
[EventCountry "ESP"]
[Source "lmi"]
[SourceDate "2010.09.14"]

1. d4 d5 2. c4 dxc4 3. Nf3 Nf6 4. e3 Bg4 5. Bxc4 e6 6. Nc3 Nbd7 7. h3 Bh5 8.
Be2 Bb4 9. O-O O-O 10. Qb3 c5 11. a3 Bxc3 12. bxc3 Qc7 13. Qd1 Ne4 14. Bb2 Rac8
15. Rc1 Qb6 16. Qc2 cxd4 17. exd4 Nd6 18. Ba1 Bg6 19. Qa2 Qc7 20. c4 b6 21. a4
Rfe8 22. Qa3 Nb7 23. Bc3 f6 24. Rfe1 e5 25. Nh4 exd4 26. Nxg6 hxg6 27. Bxd4
Ndc5 28. Bf3 Qf4 29. Bd5+ Kh7 30. Be3 Qf5 31. Rcd1 Na5 32. g4 Qc2 33. Bxc5 Rxc5
34. Qg3 g5 35. Rxe8 Qxd1+ 36. Kh2 Qd2 37. Rh8+ Kg6 38. h4 gxh4 39. Qf3 Rxd5 40.
cxd5 Qc2 41. d6 Nb7 42. d7 Qc7+ 43. Kh3 Qxd7 44. Kxh4 Nc5 45. Qa8 Qe7 46. Qc6
Qe5 47. Qe8+ Qxe8 48. Rxe8 Nxa4 49. Re2 a6 50. f4 b5 51. f5+ Kh6 52. Re6 Kh7
53. Rxa6 Nc3 54. Kg3 Ne4+ 55. Kf4 Nc5 56. Rb6 b4 57. Ke3 Kh6 58. Rxb4 g6 59.
Rb5 Nd7 60. Kf4 Nf8 61. Rb7 g5+ 62. Ke4 1-0

[Event "18. Torneo Ciudad de Albacete 2010"]
[Site "Albacete ESP"]
[Date "2010.09.16"]
[Round "4.7"]
[White "Serna Lara, Sergio"]
[Black "Castellanos Bogalo, Antonio"]
[Result "1/2-1/2"]
[WhiteElo "2236"]
[BlackElo "2062"]
[PlyCount "108"]
[EventDate "2010.09.14"]
[EventType "swiss"]
[EventRounds "9"]
[EventCountry "ESP"]
[Source "lmi"]
[SourceDate "2010.09.14"]

1. d4 d5 2. Nf3 Nf6 3. c4 g6 4. cxd5 Bg7 5. g3 O-O 6. Bg2 Nxd5 7. O-O Nd7 8. e4
N5b6 9. Nc3 c6 10. Bf4 Qe8 11. e5 Nb8 12. Re1 Na6 13. Qd2 Nc7 14. a4 Nbd5 15.
Bg5 Ne6 16. Nxd5 cxd5 17. Be3 Rb8 18. Qa5 b5 19. Qxa7 Rb7 20. Qa5 bxa4 21. Qxd5
Rxb2 22. Qc4 Bd7 23. d5 Nd8 24. Bd4 Rb8 25. Bc5 Nb7 26. Ba3 Na5 27. Qh4 Nb3 28.
Rad1 h6 29. Bxe7 g5 30. Bxg5 hxg5 31. Nxg5 Bf5 32. f4 Qc8 33. d6 a3 34. g4 Rb4
35. gxf5 Qxf5 36. Be4 Rxe4 37. Nxe4 a2 38. Nf6+ Bxf6 39. exf6 a1=Q 40. Rxa1
Nxa1 41. Qg3+ Qg6 42. Rxa1 Rd8 43. Rd1 Kh7 44. Qxg6+ Kxg6 45. Rd5 Kxf6 46. f5
Kg5 47. d7 Kf4 48. Kg2 Ke4 49. Ra5 Rxd7 50. Kg3 f6 51. h4 Rg7+ 52. Kh3 Kf4 53.
Rb5 Rg3+ 54. Kh2 Rg4 1/2-1/2

[Event "18. Torneo Ciudad de Albacete 2010"]
[Site "Albacete ESP"]
[Date "2010.09.16"]
[Round "4.8"]
[White "Alcaraz Ortega, Javier"]
[Black "Martinez Peiro, Gabriel"]
[Result "1/2-1/2"]
[WhiteElo "2229"]
[BlackElo "2051"]
[PlyCount "57"]
[EventDate "2010.09.14"]
[EventType "swiss"]
[EventRounds "9"]
[EventCountry "ESP"]
[Source "lmi"]
[SourceDate "2010.09.14"]

1. d4 d5 2. Bf4 Nf6 3. e3 g6 4. Nf3 Bg7 5. Nbd2 c5 6. c3 O-O 7. Bd3 Nc6 8. O-O
c4 9. Bc2 Bf5 10. h3 b5 11. Qb1 e6 12. g4 Bxc2 13. Qxc2 a5 14. b3 a4 15. bxc4
bxc4 16. Rab1 Re8 17. Rfe1 Bf8 18. e4 Nxe4 19. Nxe4 dxe4 20. Qxe4 Qd5 21. Qxd5
exd5 22. Rxe8 Rxe8 23. Rb6 Re6 24. Rb5 Rf6 25. Ne5 Nxd4 26. cxd4 Rxf4 27. Rxd5
c3 28. Rd8 Kg7 29. Rc8 1/2-1/2

[Event "18. Torneo Ciudad de Albacete 2010"]
[Site "Albacete ESP"]
[Date "2010.09.16"]
[Round "4.9"]
[White "Villasenor Rubio, Emilio Jose"]
[Black "Machado Hernandez, Junior"]
[Result "1-0"]
[WhiteElo "2101"]
[BlackElo "2010"]
[PlyCount "75"]
[EventDate "2010.09.14"]
[EventType "swiss"]
[EventRounds "9"]
[EventCountry "ESP"]
[Source "lmi"]
[SourceDate "2010.09.14"]

1. e4 c5 2. Nf3 a6 3. Nc3 d6 4. d4 cxd4 5. Nxd4 g6 6. Be3 Bg7 7. g4 Qc7 8. Nd5
Qa5+ 9. c3 Nd7 10. g5 e6 11. Nb3 Qd8 12. Nb4 Ne5 13. f4 Nc6 14. Nc2 Nge7 15.
Bg2 e5 16. Qd2 Bg4 17. O-O Qd7 18. Rf2 O-O 19. Raf1 exf4 20. Bxf4 Ne5 21. Ne3
Bh5 22. Nd4 Rfd8 23. Bg3 Ng4 24. Nxg4 Bxg4 25. Rf6 Nc8 26. Nc2 Qb5 27. Nd4 Qc5
28. Qf4 Bxf6 29. gxf6 Qh5 30. h3 g5 31. Qxg4 Qxg4 32. hxg4 Nb6 33. Nf5 Nc4 34.
b3 Ne5 35. Nh6+ Kh8 36. Rf5 Rac8 37. Rxg5 Rxc3 38. Bxe5 1-0

[Event "18. Torneo Ciudad de Albacete 2010"]
[Site "Albacete ESP"]
[Date "2010.09.16"]
[Round "4.10"]
[White "Garcia Roman, Jose Luis Machado"]
[Black "Llavador Moron, Juan Jose"]
[Result "0-1"]
[WhiteElo "1997"]
[BlackElo "2160"]
[PlyCount "66"]
[EventDate "2010.09.14"]
[EventType "swiss"]
[EventRounds "9"]
[EventCountry "ESP"]
[Source "lmi"]
[SourceDate "2010.09.14"]

1. b4 e5 2. Bb2 f6 3. a3 d5 4. e3 Be6 5. g4 Nd7 6. Bg2 c6 7. h4 Qc7 8. Nc3
O-O-O 9. g5 Be7 10. Nh3 d4 11. Ne4 f5 12. Ng3 dxe3 13. fxe3 Nb6 14. O-O Nc4 15.
Qc1 Nxd2 16. Rf2 Ne4 17. Nxe4 fxe4 18. c4 h6 19. Qc3 hxg5 20. Nxg5 Bxg5 21.
hxg5 Rh5 22. Bxe4 Rxg5+ 23. Rg2 Qe7 24. b5 c5 25. Qa5 b6 26. Qa6+ Kb8 27. Qa4
Bh3 28. Rxg5 Qxg5+ 29. Kh1 Rd2 30. Rg1 Qh5 31. Qxa7+ Kxa7 32. Rxg7+ Bd7+ 33.
Kg1 Qd1# 0-1

[Event "18. Torneo Ciudad de Albacete 2010"]
[Site "Albacete ESP"]
[Date "2010.09.16"]
[Round "4.11"]
[White "Olivera Gutierrez, Albert"]
[Black "Fenollar Jorda, Manuel"]
[Result "1-0"]
[WhiteElo "2073"]
[BlackElo "2344"]
[PlyCount "67"]
[EventDate "2010.09.14"]
[EventType "swiss"]
[EventRounds "9"]
[EventCountry "ESP"]
[Source "lmi"]
[SourceDate "2010.09.14"]

1. e4 e6 2. d4 d5 3. Bd3 Nf6 4. e5 Nfd7 5. Nf3 c5 6. c3 Nc6 7. O-O Qb6 8. dxc5
Bxc5 9. b4 Be7 10. Re1 a5 11. b5 Na7 12. a4 O-O 13. Bxh7+ Kxh7 14. Ng5+ Bxg5
15. Bxg5 f6 16. Qh5+ Kg8 17. Be3 Qd8 18. f4 Qe8 19. Qh3 fxe5 20. fxe5 b6 21.
Nd2 Nc5 22. Nf3 Bd7 23. Rad1 Rd8 24. Ng5 Qg6 25. Rd4 Ne4 26. Nxe4 dxe4 27. Red1
Qf7 28. Qh4 Qf5 29. h3 Qxe5 30. Rxd7 Rxd7 31. Rxd7 Qxc3 32. Bd4 Qc1+ 33. Kh2
Rf7 34. Qd8+ 1-0

[Event "18. Torneo Ciudad de Albacete 2010"]
[Site "Albacete ESP"]
[Date "2010.09.16"]
[Round "4.12"]
[White "Belinchon Calleja, David"]
[Black "Sanchez Argandona, Santiago"]
[Result "1-0"]
[WhiteElo "1971"]
[BlackElo "1673"]
[PlyCount "57"]
[EventDate "2010.09.14"]
[EventType "swiss"]
[EventRounds "9"]
[EventCountry "ESP"]
[Source "lmi"]
[SourceDate "2010.09.14"]

1. e4 c5 2. Nf3 e6 3. d4 cxd4 4. Nxd4 Nf6 5. Nc3 d6 6. Be3 a6 7. g4 h6 8. Rg1
Be7 9. Qd2 Qc7 10. h4 b5 11. a3 Bb7 12. Bd3 d5 13. g5 Nxe4 14. Bxe4 dxe4 15. g6
Qd6 16. gxf7+ Kxf7 17. Qe2 Qe5 18. Qg4 Bf6 19. Qg6+ Ke7 20. Nb3 Nd7 21. O-O-O
Bd5 22. Nc5 Rac8 23. Nxd7 Kxd7 24. Qf7+ Kd6 25. Rg4 Rxc3 26. Bf4 Rf3 27. Bxe5+
Bxe5 28. Qa7 Rc8 29. Rxe4 1-0

[Event "18. Torneo Ciudad de Albacete 2010"]
[Site "Albacete ESP"]
[Date "2010.09.16"]
[Round "4.13"]
[White "Garcia Cervigon, Cecilio"]
[Black "Sanchez Jerez, Emilio Miguel"]
[Result "0-1"]
[WhiteElo "1862"]
[BlackElo "2282"]
[PlyCount "40"]
[EventDate "2010.09.14"]
[EventType "swiss"]
[EventRounds "9"]
[EventCountry "ESP"]
[Source "lmi"]
[SourceDate "2010.09.14"]

1. d4 g6 2. c4 Bg7 3. Nc3 d6 4. e4 Nf6 5. f3 O-O 6. Be3 Nc6 7. Nge2 a6 8. Qd2
Na5 9. Nc1 Nd7 10. Be2 c5 11. d5 Ne5 12. b3 f5 13. Bh6 Bxh6 14. Qxh6 e6 15. Qd2
Qh4+ 16. g3 Qf6 17. Nd3 b5 18. Nxe5 Qxe5 19. cxb5 axb5 20. Bxb5 Nxb3 0-1

[Event "18. Torneo Ciudad de Albacete 2010"]
[Site "Albacete ESP"]
[Date "2010.09.16"]
[Round "4.16"]
[White "Boj Marques, Javier"]
[Black "Barroso Vilanova, Daniel"]
[Result "1-0"]
[WhiteElo "1917"]
[BlackElo "1537"]
[PlyCount "71"]
[EventDate "2010.09.14"]
[EventType "swiss"]
[EventRounds "9"]
[EventCountry "ESP"]
[Source "lmi"]
[SourceDate "2010.09.14"]

1. d4 d6 2. e4 Nf6 3. Nc3 Nc6 4. Nf3 Bg4 5. Be3 e6 6. h3 Bh5 7. a3 Be7 8. Qd2
O-O 9. Bd3 Bg6 10. O-O e5 11. b4 exd4 12. Nxd4 Nxd4 13. Bxd4 Nd7 14. Nd5 Bg5
15. f4 Bh6 16. Ne3 Qh4 17. Ng4 f5 18. Bf2 Qh5 19. exf5 Bxf5 20. Be2 Qg6 21.
Nxh6+ Qxh6 22. Qd5+ Qe6 23. Bc4 Qxd5 24. Bxd5+ Kh8 25. Bxb7 Rab8 26. Bc6 Nb6
27. c3 Rf6 28. Bd4 Re6 29. Rfe1 Rf8 30. g4 Rxe1+ 31. Rxe1 Bg6 32. Re7 Rxf4 33.
Rxc7 Rf7 34. Bxb6 axb6 35. Rc8+ Rf8 36. Rxf8# 1-0

[Event "18. Torneo Ciudad de Albacete 2010"]
[Site "Albacete ESP"]
[Date "2010.09.16"]
[Round "4.18"]
[White "Menendez Solar, Jose Carlos"]
[Black "Atienza, Hilario"]
[Result "1/2-1/2"]
[WhiteElo "1877"]
[BlackElo "1861"]
[PlyCount "55"]
[EventDate "2010.09.14"]
[EventType "swiss"]
[EventRounds "9"]
[EventCountry "ESP"]
[Source "lmi"]
[SourceDate "2010.09.14"]

1. d4 d5 2. c4 c6 3. Nf3 Nf6 4. Qc2 e6 5. g3 Be7 6. Bg2 O-O 7. O-O Nbd7 8. b3
Re8 9. Bb2 b6 10. Nbd2 Bb7 11. Ne5 Nxe5 12. dxe5 Nd7 13. e4 Qc7 14. cxd5 Nxe5
15. h3 exd5 16. exd5 Bc5 17. dxc6 Ba6 18. Qc3 Bxf1 19. Kxf1 f6 20. f4 Nf7 21.
Ne4 Bf8 22. Qc4 b5 23. Qxb5 Rab8 24. Qh5 Nd6 25. Qd5+ Nf7 26. Qh5 Nd6 27. Qd5+
Nf7 28. Qh5 1/2-1/2

[Event "18. Torneo Ciudad de Albacete 2010"]
[Site "Albacete ESP"]
[Date "2010.09.16"]
[Round "5.1"]
[White "Abreu Delgado, Aryam"]
[Black "Mirzoev, Azer"]
[Result "1/2-1/2"]
[WhiteElo "2473"]
[BlackElo "2525"]
[PlyCount "28"]
[EventDate "2010.09.14"]
[EventType "swiss"]
[EventRounds "9"]
[EventCountry "ESP"]
[Source "lmi"]
[SourceDate "2010.09.14"]

1. e4 c5 2. Nf3 e6 3. d4 cxd4 4. Nxd4 a6 5. c4 Nf6 6. Nc3 d6 7. Be2 Nbd7 8. Be3
b6 9. O-O Bb7 10. f3 Be7 11. Qd2 O-O 12. a3 Qc7 13. Rac1 Rac8 14. b4 Qb8
1/2-1/2

[Event "18. Torneo Ciudad de Albacete 2010"]
[Site "Albacete ESP"]
[Date "2010.09.16"]
[Round "5.2"]
[White "La Rota, Fabio"]
[Black "Pogorelov, Ruslan"]
[Result "0-1"]
[WhiteElo "2234"]
[BlackElo "2447"]
[PlyCount "82"]
[EventDate "2010.09.14"]
[EventType "swiss"]
[EventRounds "9"]
[EventCountry "ESP"]
[Source "lmi"]
[SourceDate "2010.09.14"]

1. e4 c5 2. Nc3 e6 3. d3 Nc6 4. g3 d5 5. exd5 exd5 6. Bg2 Nf6 7. Nge2 d4 8. Ne4
Be7 9. Nf4 O-O 10. O-O Bf5 11. Re1 Qd7 12. Nxf6+ Bxf6 13. Nd5 Bd8 14. Bd2 Rc8
15. Rc1 b5 16. a3 f6 17. Qe2 Ne5 18. f4 Nc6 19. b4 Bb6 20. Nxb6 axb6 21. Qf3
Rfd8 22. Qf1 Ne7 23. h3 c4 24. Red1 Nd5 25. g4 c3 26. Bxd5+ Qxd5 27. Be1 Bd7
28. Qg2 Qd6 29. Bg3 Bc6 30. Qf2 Qd5 31. Kh2 Re8 32. Re1 Re3 33. Rxe3 dxe3 34.
Qe2 Re8 35. Ra1 h6 36. f5 h5 37. Rg1 hxg4 38. Qxg4 Re7 39. Be1 Qa2 40. Qe2 Qxa3
41. Rg4 Qa8 0-1

[Event "18. Torneo Ciudad de Albacete 2010"]
[Site "Albacete ESP"]
[Date "2010.09.16"]
[Round "5.3"]
[White "Almeida Quintana, Omar"]
[Black "Villasenor Rubio, Emilio Jose"]
[Result "1-0"]
[WhiteElo "2559"]
[BlackElo "2101"]
[PlyCount "59"]
[EventDate "2010.09.14"]
[EventType "swiss"]
[EventRounds "9"]
[EventCountry "ESP"]
[Source "lmi"]
[SourceDate "2010.09.14"]

1. d4 Nf6 2. c4 g6 3. Nc3 Bg7 4. e4 d6 5. h3 c5 6. d5 e6 7. Bd3 exd5 8. cxd5
O-O 9. Nge2 Na6 10. O-O Re8 11. Ng3 Nb4 12. Bb1 Bd7 13. a3 Na6 14. Bd3 h5 15.
Bg5 Rb8 16. Kh1 Qc7 17. f4 Nh7 18. Bh4 b5 19. e5 dxe5 20. f5 Rb6 21. Nce4 c4
22. Bc2 Qc8 23. d6 Bc6 24. fxg6 fxg6 25. Nxh5 gxh5 26. Qxh5 Rb7 27. Be7 Rbxe7
28. dxe7 Rxe7 29. Nd6 Bxg2+ 30. Kxg2 1-0